Hon na maminho zajačika /

Hlavní autor: Pavelková, Kristína, 1985-
Jazyk: Slovenština
Vydáno: Praha : Naše vojsko, 2020
Témata:
Fyzický popis: 167 stran ; 19 cm
Knihy
Uloženo v:
LEADER 01338nam a2200385 i 4500
001 nkc20203238245
003 CZ PrNK
005 20200820085944.0
007 ta
008 200713s2020 xr g 000 f slo
015 |a cnb003238245 
020 |a 978-80-206-1870-2  |q (brožováno) 
020 |a 978-80-206-1869-6  |q (vázáno) 
035 |a (OCoLC)1200255116 
040 |a OLA001  |b cze  |e rda 
072 7 |a 821.162.4  |x Slovenská literatura  |2 Konspekt  |9 25 
080 |a 821.162.4-31  |2 MRF 
080 |a (0:82-31)-055.2  |2 MRF 
100 1 |a Pavelková, Kristína,  |d 1985-  |7 mzk20191032106  |4 aut 
245 1 0 |a Hon na maminho zajačika /  |c Kristína Pavelková 
264 1 |a Praha :  |b Naše vojsko,  |c 2020 
300 |a 167 stran ;  |c 19 cm 
336 |a text  |b txt  |2 rdacontent 
337 |a bez média  |b n  |2 rdamedia 
338 |a svazek  |b nc  |2 rdacarrier 
655 7 |a slovenské romány  |7 fd133450  |2 czenas 
655 7 |a romány pro ženy  |7 fd187897  |2 czenas 
655 9 |a Slovak fiction  |2 eczenas 
655 9 |a women's novels  |2 eczenas 
910 2 |a BOA001  |b 1-1450.487 
990 |a BK 
995 |a 01 
991 |b 202007  |c NOV 
996 6 |b 2610830382  |c 1-1450.487  |l MZK  |r Sklad / do 1 hodiny  |n 0  |p p.v.  |w 001813440  |u 000010  |a 1  |e BOA001  |j MZK50  |s P 
996 7 |b 2610830383  |c 1-1450.487  |l MZK  |r Sklad / do 1 hodiny  |n 0  |p p.v.  |w 001813440  |u 000020  |a 1  |e BOA001  |j MZK50  |s A